000 00640nam a2200241Ia 4500
001 1125
003 GE_BSU
008 181216s||||||||xx |||||||||||||| ||und||
020 _a5756702717
040 _cGE_BSU
080 _a327(075.8)
100 _aФедотов,А.П.
245 _aГлобалистика.Начала науки о современном мире
245 _bКурс лекции
250 _a2-е испр.и допол.
260 _aМосква
260 _bАспект-Пресс
260 _c2002
300 _a224стр.
541 _h8л.
653 _aГлобалистика
942 _cBK
999 _c35276
_d35276